000 00474nam a2200193 a 4500
001 4984
003 CO-ViMGA
008 141112s2004 ck r 000 u spa d
040 _aCO-ViMGA
_bspa
_cCO-ViMGA
082 0 4 _a759.06 A237
100 1 _aAdes, Dawn
_93183
245 1 0 _aEl Dada y el surrealismo
260 _aBarcelona :
_bLabor,
_c1991
300 _a63 p : il
490 _aBolsillo de arte
650 1 4 _aDADAISMO
_93184
650 1 4 _aSURREALISMO
942 _2ddc
_cBK
999 _c16986
_d16986